1 objet = 1 film (Star Wars) - Statistiques

Statistiques générales
  • Ce quiz a été pris 6 fois
  • Le résultat moyen est 8 sur 9
Statistiques - réponses
Par images Réponse % Correct
La Menace fantôme
100%
La Revanche des Sith
100%
L'Empire contre-attaque
100%
Le Réveil de la Force
100%
Les Derniers Jedi
100%
Un nouvel espoir
100%
L'Ascension de Skywalker
83%
Le Retour du Jedi
83%
L'Attaque des clones
67%
Aucun quiz correspondant
Distribution des résultats
% des personnes avec chaque résultat
Percentile par nombre de réponses
Votre historique - résultats
Vous n’avez pas pris ce quiz